000 00600nam a2200193 a 4500
001 0244
005 20140414131850.0
008 040902s19uu xx 00 eng d
020 _a1-86504-220-X
050 _aM 598.78
_bM11 1999
100 _aMcAuley, Steve
245 _aOlly's Kookaburra book /
_cSteve McAuley.
260 _aSydney :
_bScholastic Australia Pty.,
_c1999.
300 _a32 p. : ill. ; cm.
650 _aOlympic Games (27th: 2000: Sydney , NSW)
_xJuvenile literature.
650 _aMascots
_xJuvenile literature.
650 _aKookaburra
_xJuvenile literature.
999 _c110130
_d110130